TOP 100 Cities with highest quality of life - Statistics

General Stats
  • This quiz has been taken 25 times
  • The average score is 41 of 100
Answer Stats
Place City % Correct
31 Amsterdam
95%
16 Berlin
90%
18 Munich
85%
9 Oslo
85%
71 Stockholm
85%
90 New York
80%
7 Paris
80%
39 Sydney
80%
48 Vienna
80%
86 Barcelona
75%
100 Dublin
75%
38 Geneva
75%
78 Helsinki
75%
54 Melbourne
75%
77 Milan
75%
27 Seattle
75%
26 Tokyo
75%
13 Zurich
75%
6 Bern
70%
93 Frankfurt am Main
70%
55 Hamburg
70%
99 San Francisco
70%
87 Brisbane
65%
67 Lyon
65%
28 Osaka
65%
63 Perth
65%
33 Prague
65%
4 Singapore
65%
91 Wellington
65%
88 Adelaide
60%
1 Canberra
60%
62 Lisbon
60%
97 Nagoya
60%
46 Reykjavik
60%
70 Rotterdam
60%
15 Taipei
60%
49 Warsaw
60%
21 Stuttgart
55%
10 Basel
50%
57 Boston
50%
64 Budapest
50%
43 Dusseldorf
50%
76 Hong Kong
50%
98 Nice
50%
29 Venice
50%
2 Bergen
45%
95 Cologne
45%
12 Dresden
45%
89 Bordeaux
40%
42 Florence
40%
5 Luxembourg
40%
94 Porto
40%
50 The Hague
40%
35 Dortmund
35%
14 Ghent
35%
23 Graz
35%
69 Leipzig
35%
40 Nuremberg
35%
25 Antwerp
30%
65 Bratislava
30%
85 Lausanne
30%
34 Ljubljana
30%
59 Brno
25%
52 Eindhoven
25%
17 Genoa
25%
8 Linz
25%
51 Mannheim
25%
72 Bologna
20%
66 Gold Coast
20%
56 Quebec City
20%
11 San Jose
20%
68 Strasbourg
20%
30 Utrecht
20%
22 Valletta
20%
74 Wroclaw
20%
83 Augsburg
15%
73 Bonn
15%
75 Munster
15%
37 Nantes
15%
24 Padua
15%
96 Caen
5%
84 Dijon
5%
19 Freiburg
5%
3 Grenoble
5%
53 Karlsruhe
5%
80 Kiel
5%
45 Mainz
5%
92 Verona
5%
58 Arnhem
0%
61 Bridgeport
0%
41 Clermont-Ferrand
0%
44 Erfurt
0%
20 Hsinchu
0%
32 Kaouhsiung
0%
36 Orleans
0%
82 Saint-Etienne
0%
47 Taichung
0%
81 Tainan
0%
79 Tours
0%
60 Wiesbaden
0%
No matching quizzes found
Score Distribution
Percent of People with Each Score
Percentile by Number Answered
Your Score History
You have not taken this quiz